000 00911nam a2200301 i 4500
001 000018007
003 DO-SdBNP
005 20260527074041.0
007 ta
008 100409s2010 dr 000 0 spa d
020 _a9789945424508
040 _aDO-SdBNP
_bspa
_cBNPHU
_erda
041 _aspa
082 4 _a324.27293
_bR696p
_222
100 _aRodríguez, Formerio,
_eautor
_4aut.
_939048
245 1 0 _aPelótica /
_cFormerio Rodríguez.
246 1 4 _bMargarita no pierde de nadie
264 1 _aSanto Domingo :
_bEditora El Nuevo Diario,
_c2012.
300 _a128 páginas ;
_c21 cm.
336 _atexto
_btxt
_2rdacontent
337 _asin mediación
_bn
_2rdamedia
338 _avolumen
_bnc
_2rdacarrier
590 _aInventariado, 2025/BT
610 _aPartido de la Liberación Dominicana
650 0 _aPartidos políticos
_zRepública Dominicana
_9285
910 _aBtavárez
942 _2ddc
_cLBS1
999 _c17529
_d17529